Introduction to psychology : (Record no. 11025)
[ view plain ]
| 000 -LEADER | |
|---|---|
| fixed length control field | 00688nam a22002172 4500 |
| 001 - CONTROL NUMBER | |
| control field | 0000009303 |
| 005 - DATE AND TIME OF LATEST TRANSACTION | |
| control field | 20151217154411.0 |
| 008 - FIXED-LENGTH DATA ELEMENTS--GENERAL INFORMATION | |
| fixed length control field | 080922s xx 000 0 eng d |
| 020 ## - INTERNATIONAL STANDARD BOOK NUMBER | |
| International Standard Book Number | 049531866 : |
| Terms of availability | BSP 40 |
| 040 ## - CATALOGING SOURCE | |
| Original cataloging agency | KABU |
| Transcribing agency | KABU |
| 100 1# - MAIN ENTRY--PERSONAL NAME | |
| Personal name | Coon, Dennis. |
| -- | 0000160218 |
| 245 10 - TITLE STATEMENT | |
| Title | Introduction to psychology : |
| Remainder of title | gateways to mind and behavior / |
| Statement of responsibility, etc. | Dennis Coon, John O. Mitterer. |
| 250 ## - EDITION STATEMENT | |
| Edition statement | 11th ed. |
| 260 ## - PUBLICATION, DISTRIBUTION, ETC. (IMPRINT) | |
| Place of publication, distribution, etc. | Belmont, CA : |
| Name of publisher, distributor, etc. | Thomson Higher Education, |
| Date of publication, distribution, etc. | 2007. |
| 300 ## - PHYSICAL DESCRIPTION | |
| Extent | xxxi, 700, [79] p. |
| 650 #0 - SUBJECT ADDED ENTRY--TOPICAL TERM | |
| Topical term or geographic name as entry element | Psychology. |
| -- | 0000024981 |
| 700 1# - ADDED ENTRY--PERSONAL NAME | |
| Personal name | Mitterer, John O. |
| -- | 0000160506 |
| 908 ## - PUT COMMAND PARAMETER (RLIN) | |
| Put command parameter | 080922 |
| 950 ## - LOCAL HOLDINGS (RLIN) | |
| -- | 1 |
| Withdrawn status | Lost status | Source of classification or shelving scheme | Not for loan | Home library | Current library | Date acquired | Total Checkouts | Full call number | Barcode | Date last seen | Date last checked out | Price effective from | Koha item type |
|---|---|---|---|---|---|---|---|---|---|---|---|---|---|
| Library of Congress Classification | Kabarak, Main Campus | Kabarak, Main Campus | 17/12/2015 | 5 | BF121 .C66 2007 c. 1 | 009198 | 02/08/2024 | 24/09/2019 | 17/12/2015 | General Collection |